Harry Potter and the Sorcerer's Stone quiz - Statistics

General Stats
  • This quiz has been taken 105 times
    99 since last reset
  • The average score is 8 of 11
Answer Stats
Question Answer % Correct
What house is Harry Potter put in? Gryffindor
97%
What sport does Harry play? Quidditch
97%
Who accidentally told Harry how to get past Fluffy? Rubeus Hagrid
97%
Whose name are people afraid of saying? Voldemort
96%
What is the book/movie called in everywhere but the USA? Harry Potter and the philosopher's stone
91%
Which character is from Harry Potter and the Sorcerer's Stone? Neville Longbottom
87%
Who got expelled from Hogwarts? Hagrid
76%
When is Harry's birthday in the book? July 31st
71%
When was the book written? June 26th, 1997
60%
When was the movie released? November 10th, 2001
24%
When is it in the movie? August 31st
13%
No matching quizzes found
Score Distribution
Percent of People with Each Score
Percentile by Number Answered
Your Score History
You have not taken this quiz since the last reset